00957nam a2200193 a 450000100100000000500170001000800410002702000180006804000250008610000440011124501060015526000850026130000210034670000520036795201110041995201050053095201110063599900170074600003767920201002031112.0121115s2012 dr 000 0 spa d a9789945855227 aDO-SdBNPbspacBNPHU1 aBáez Jiménez, Pedro Antonioo96413810aUna visión de cambio /cPedro Antonioo Báez Jiménez ; prólogo Juan Ramón Severino Guerrero. aProvincia La Altagracia, República Dominicana :bEdiciones Photo Print,c2012. a273 p. ;c22 cm.1 aSeverino Guerrero, Juan Ramónepról.964139 0010718DSaGRbGRcCTd2012-11-15iLF1l0o p37679-10r2020-06-25te. 3w2020-06-25yLFDSZNo se presta 0010718PDaPDbPDcCTd2012-11-15iLF1l0o p37679-20r2020-06-25w2020-06-25yLFPDZNo se presta 0010718PDaPDbPDcCTd2012-11-15iLF1l0o p37679-30r2020-06-25te. 2w2020-06-25yLFPDZNo se presta c37169d37169